[Event "Budapest Kasparov"]
[Site "Budapest"]
[Date "1991.??.??"]
[Round "1"]
[White "Atalik, Suat"]
[Black "Polgar, Sofia"]
[Result "0-1"]
[WhiteElo "2420"]
[BlackElo "2425"]

1.d4 d5 2.c4 e6 3.Nf3 Nf6 4.Nc3 c6 5.e3 Nbd7 6.Qc2 Bd6 7.Be2 O-O 8.O-O e5
9.cxd5 cxd5 10.dxe5 Nxe5 11.Rd1 Be6 12.Nd4 Rc8 13.Qb3 Qe7 14.Bd2 Bb8 15.Be1 a6
16.a4 Nc6 17.Nxe6 fxe6 18.g3 Ba7 19.Nb5 axb5 20.axb5 Qf7 21.bxc6 bxc6 22.Qc2 e5
23.Ba6 Rc7 24.Ra4 e4 25.Be2 Nd7 26.Rxd5 cxd5 27.Qxc7 Bb8 28.Qb7 Rd8 29.Ra8 Qe6
30.b4 Qd6 31.Bc3 Ne5 32.Ra6 Qf8 33.Re6 Qf5 34.Re7 Qf6 35.Rd7 Rf8 36.Qxd5+ Kh8
37.f4 exf3 38.Bxe5 fxe2 39.Bxf6 e1=Q+ 40.Kg2 Qe2+ 41.Kg1 Qxe3+ 42.Kg2 Qe2+
43.Kg1 Ba7+ 44.Rxa7 Qe3+ 45.Kg2 Qxa7 46.Bd4 Qe7 47.Qe5 Qf7 48.Kh3 Re8 49.Qf4 Qxf4
50.gxf4 Re4 51.Be5 Rxb4 52.Kg4 Kg8 53.h4 Kf7 54.Kf5 Rb1 55.Bd4 Rd1 56.Bc3 Rg1
57.h5 Rh1 58.Kg4 Ke6 59.f5+ Kf7 60.Kg5 h6+ 61.Kg4 Rg1+  0-1

[Event "Statisztika"]
[Site "Budapest"]
[Date "1991.??.??"]
[Round "2"]
[White "Higatsberger, Michael"]
[Black "Nemeth, Zoltan"]
[Result "1/2-1/2"]
[WhiteElo "2200"]
[BlackElo "2345"]

1.c4 c6 2.Nc3 d5 3.d4 Nf6 4.Nf3 e6 5.e3 Nbd7 6.Qc2 Bd6 7.b3 O-O 8.Bb2 a6
9.Be2 dxc4 10.Bxc4 b5 11.Bd3 Bb7 12.O-O c5 13.Ne4 Nxe4 14.Bxe4 Bxe4 15.Qxe4 Qe7
16.Rfd1 f5 17.Qd3 Nf6 18.Rac1 Rfd8 19.h3 Ne4 20.Qe2 Rac8 21.a4 Qb7 22.dxc5 Nxc5
23.axb5 axb5 24.Nd4 b4 25.Qc4 Qe4 26.Nb5 Qxc4 27.Rxc4 Be7 28.Rdc1 Rd5 29.Nd4 Re8
30.Ra1 Bf6 31.Ra5 Nd3 32.Ra2 Rc5 33.Rxc5 Nxc5 34.Nc6 Nxb3 35.Bxf6 gxf6 36.Rb2 Nc5
37.Rxb4 Kf7 38.Rb5 Ne4 39.Rb7+ Kg6 40.Nd4 e5 41.Nc6 Ra8 42.Ne7+ Kg5 43.h4+ Kxh4
44.Nxf5+ Kg5 45.Ng3 Nxg3 46.Rg7+  1/2-1/2

[Event "Budapest"]
[Site "Budapest"]
[Date "1991.??.??"]
[Round "4"]
[White "Zueger, Beat"]
[Black "Lukacs, Peter"]
[Result "1/2-1/2"]
[WhiteElo "2425"]
[BlackElo "2460"]

1.c4 e6 2.Nf3 d5 3.d4 Nf6 4.Nc3 c6 5.e3 Nbd7 6.Qc2 Bd6 7.Be2 O-O 8.O-O dxc4
9.Bxc4 a6 10.Bd2 b5 11.Bd3 Bb7 12.Ne4 Nxe4 13.Bxe4 Nf6 14.Bd3 c5 15.dxc5 Bxc5
16.Bc3 Bxf3 17.gxf3 Rc8 18.Rac1 h6 19.Bxf6 Qxf6  1/2-1/2

[Event "Budapest IM"]
[Site "Budapest"]
[Date "1991.??.??"]
[Round "4"]
[White "Koch, Thomas"]
[Black "Feher, Gyula"]
[Result "0-1"]
[WhiteElo "2335"]
[BlackElo "2375"]

1.d4 d5 2.c4 c6 3.Nc3 Nf6 4.e3 e6 5.Nf3 Nbd7 6.Qc2 Bd6 7.Be2 O-O 8.O-O Re8
9.Rd1 Qe7 10.h3 h6 11.a3 dxc4 12.Bxc4 e5 13.b4 e4 14.Nd2 Nb6 15.Be2 Nbd5
16.Bb2 Nxc3 17.Bxc3 Nd5 18.Nf1 Qg5 19.Kh1 Bf5 20.Nh2 Re6 21.Rg1 Rae8 22.Bd2 Rg6
23.b5 Bc7 24.bxc6 bxc6 25.Qa4 a5 26.Rac1 Bd7 27.Bc4 Qe7 28.Qb3 Qd6 29.Nf1 Rb8
30.Qc2 f5 31.Rb1 Rxb1 32.Qxb1 Bc8 33.Qb3 Kh7 34.Bc1 Qd8 35.Qc2 Nb6 36.Be2 Qd6
37.g3 Be6 38.Nd2 Bd5 39.Kh2 Qe6 40.Bh5 Rf6 41.Qc5 Nd7 42.Qa7 Qd6 43.Nb1 Bb6
44.Qa6 c5 45.dxc5 Nxc5 46.Qf1 Nd3 47.Be2 Bb3 48.Nd2 Ba2 49.Bxd3 exd3 50.Bb2 Rf7
51.Qa1 Be6 52.Be5 Qd5 53.Rc1 Bd7 54.Qc3 Re7 55.Bf4 Re6 56.Qc4 Qxc4 57.Rxc4 Rc6
58.Be5 Rxc4 59.Nxc4 Bb5 60.Nd2 Bc5 61.Bc3 a4 62.Bb2 g5 63.Kg1 Kg6 64.Kg2 Bc6+
65.Kf1 Kf7 66.Ke1 Ke6 67.Kf1 Kf7 68.Nc4 Ke6 69.Nd2 Bd5 70.Nb1 f4 71.exf4 gxf4
72.gxf4 Kf5 73.Nc3 Bc6 74.Bc1 h5 75.f3 Bd6 76.Kf2 h4 77.Na2 Bc5+ 78.Kg2 Bd4
79.Nb4 Bb5 80.Nd5 Bc5 81.Nc3 Bc6 82.Nd1 Ke6 83.Ne3 Bd7 84.f5+ Ke5 85.Kf1 Kf4
86.Ng2+ Kg3 87.Nxh4 Kxh4 88.f6 Kg3 89.Ke1 Kxf3 90.h4 Be8  0-1

[Event "Elekes mem"]
[Site "Budapest"]
[Date "1991.??.??"]
[Round "5"]
[White "Farago, Ivan"]
[Black "Sehner, Norbert"]
[Result "1-0"]
[WhiteElo "2495"]
[BlackElo "2420"]

1.d4 d5 2.c4 e6 3.Nc3 c6 4.e3 Nf6 5.Nf3 Nbd7 6.Qc2 Bd6 7.Be2 O-O 8.O-O Qe7
9.e4 Nxe4 10.Nxe4 dxe4 11.Qxe4 e5 12.Bg5 Qe6 13.c5 Bc7 14.Bd3 Qg6 15.Qxg6 hxg6
16.Rfe1 exd4 17.Be7 Re8 18.Bc4 Ne5 19.Nxe5 Bxe5 20.Rxe5 Be6 21.Rxe6 fxe6
22.Bd6  1-0

[Event "Autoteam"]
[Site "Budapest"]
[Date "1991.??.??"]
[Round "7"]
[White "Engqvist, Thomas"]
[Black "Teske, Henrik"]
[Result "0-1"]
[WhiteElo "2365"]
[BlackElo "2395"]

1.d4 Nf6 2.c4 e6 3.Nf3 d5 4.Nc3 c6 5.e3 Nbd7 6.Bd3 dxc4 7.Bxc4 b5 8.Be2 Bb7
9.O-O Rc8 10.b3 Be7 11.Bb2 O-O 12.Nd2 a6 13.Bf3 Qb6 14.Nde4 c5 15.dxc5 Nxc5
16.Nxc5 Rxc5 17.Ba3 Bxf3 18.Bxc5 Qxc5 19.Qxf3 Qxc3 20.Qb7 Ba3 21.Qxa6 b4
22.Rad1 Qc2 23.Qd3 Qc6 24.Qd6 Qa8 25.Rd4 Nd5 26.Rg4 Bb2 27.Rc4 Qxa2 28.e4 Qxb3
29.Qc5 Nc3 30.Rxb4 Qc2 31.Qc4 Ba3 32.Qb3 Qd3 33.Qc4 Rd8 34.Qxd3 Rxd3 35.Rb8+ Bf8
36.Ra1 g6 37.Kf1 Kg7 38.Rb3 Bc5 39.Rc1 Bd4 40.f3 e5 41.Ra3 Kh6 42.Rb3 f6
43.Ra3 Kg5 44.Rb3 h5 45.Ra3 h4 46.h3 f5 47.exf5 gxf5 48.Ra8 Rd2 49.Ke1 Re2+
50.Kf1 Rb2 51.Rc8 Nd5  0-1

[Event "Budapest"]
[Site "Budapest"]
[Date "1991.??.??"]
[Round "7"]
[White "Varga, Zoltan"]
[Black "Polgar, Sofia"]
[Result "1-0"]
[WhiteElo "2370"]
[BlackElo "2425"]

1.d4 d5 2.c4 e6 3.Nc3 c6 4.Nf3 Nf6 5.e3 Nbd7 6.Qc2 Bd6 7.Be2 O-O 8.O-O e5
9.cxd5 cxd5 10.dxe5 Nxe5 11.h3 Be6 12.Qa4 a6 13.Rd1 Rc8 14.Qd4 Nc6 15.Qh4 b5
16.e4 d4 17.e5 Nxe5 18.Qxd4 Bb8 19.Qxe5 Bxe5 20.Rxd8 Rfxd8 21.Nxe5 Re8 22.Be3 Nd5
23.Nxd5 Bxd5 24.Nd3 a5 25.Nf4 Bc4 26.Bg4 Rcd8 27.b3 Bd3 28.Bb6 Rb8 29.Bxa5 Be4
30.Rd1 f5 31.Be2 g5 32.Nh5 Re6 33.Ng3 Bc6 34.Bf1 Ra8 35.b4 f4 36.Nf5 Rae8
37.f3 Re1 38.Rxe1 Rxe1 39.Kf2 Re5 40.Nd4 Bd7 41.Bb6  1-0

[Event "Statisztika"]
[Site "Budapest"]
[Date "1991.??.??"]
[Round "7"]
[White "Lehmann, Heinz Dr"]
[Black "Steckner, Johannes"]
[Result "1-0"]
[WhiteElo "2315"]
[BlackElo "2300"]

1.c4 e6 2.Nc3 d5 3.d4 c6 4.Nf3 Nf6 5.e3 Nbd7 6.Be2 Bd6 7.O-O O-O 8.Qc2 dxc4
9.Bxc4 e5 10.h3 h6 11.Rd1 Qc7 12.a3 Re8 13.b4 e4 14.Nd2 Nb6 15.Bf1 Bf5 16.Bb2 a5
17.b5 cxb5 18.Bxb5 Re6 19.Rdc1 Rc8 20.Qb3 Qd8 21.Bf1 Bb8 22.Nb5 Rcc6 23.Nc4 Nh5
24.Nxb6 Rxb6 25.Qd1 Qg5 26.Rc5 Rg6 27.g4 Nf6 28.Bg2 Nxg4 29.hxg4 Qh4 30.Rxf5 Rxg4
31.Kf1 Rxg2 32.Qb3 Rbg6 33.Qxf7+ Kh7 34.Ke2 Qg4+ 35.Kd2 a4 36.Rc1 Bg3 37.d5 Qh4
38.Rc8 Rb6 39.Qxg7+  1-0

[Event "Escom IM-A"]
[Site "Budapest"]
[Date "1991.??.??"]
[Round "7"]
[White "Hoffmann, Michael"]
[Black "Feher, Gyula"]
[Result "0-1"]
[WhiteElo "2370"]
[BlackElo "2375"]

1.d4 Nf6 2.c4 e6 3.Nf3 d5 4.Nc3 c6 5.e3 Nbd7 6.Bd3 dxc4 7.Bxc4 b5 8.Bd3 a6
9.e4 c5 10.e5 cxd4 11.Nxb5 axb5 12.exf6 Qb6 13.O-O gxf6 14.Be4 Bb7 15.Bxb7 Qxb7
16.Nxd4 Rg8 17.f3 Bc5 18.Kh1 Ke7 19.Be3 Qd5 20.Qe1 Bxd4 21.Rd1 Ra4 22.b3 Qe5
23.bxa4 Bxe3 24.f4 Qb2 25.g3 Bc5 26.Qe4 Rb8 27.Qc6 Bd4 28.axb5 Rb6 29.Qe4 Rd6
30.Qxh7 Qxb5 31.Qe4 f5 32.Qf3 Qa6 33.Rd2 Nf6 34.Rfd1 Qb6 35.Kg2 Ne4 36.Rc2 Kf6
37.g4 Bc5 38.Rxd6 Qxd6 39.gxf5 exf5 40.a4 Qd4 41.Kh3 Ke7 42.a5 Qh8+ 43.Kg2 Qg7+
44.Kh3 Qh6+ 45.Kg2 Qg6+ 46.Kf1 Qg1+ 47.Ke2 Qxh2+ 48.Kd3 Qh6 49.Rc4 Qd6+ 50.Kc2 Qd2+
51.Kb3 Qxa5 52.Rxe4+ fxe4 53.Qxe4+ Kf8  0-1

[Event "Statisztika"]
[Site "Budapest"]
[Date "1991.??.??"]
[Round "11"]
[White "Lehmann, Heinz Dr"]
[Black "Nemeth, Zoltan"]
[Result "1/2-1/2"]
[WhiteElo "2315"]
[BlackElo "2345"]

1.c4 c6 2.d4 d5 3.Nc3 Nf6 4.e3 e6 5.Nf3 Nbd7 6.Be2 dxc4 7.a4 b6 8.Bxc4 Be7
9.O-O O-O 10.e4 Bb7 11.Re1 c5 12.d5 exd5 13.exd5 Bd6 14.Bg5 Qb8 15.Qc2 a6
16.Rad1 Re8  1/2-1/2

[Event "Budapest Kasparov"]
[Site "Budapest"]
[Date "1991.??.??"]
[Round "11"]
[White "Dzevlan, Miralem"]
[Black "Polgar, Sofia"]
[Result "1/2-1/2"]
[WhiteElo "2405"]
[BlackElo "2425"]

1.d4 d5 2.c4 e6 3.Nc3 c6 4.Nf3 Nf6 5.e3 Nbd7 6.Qc2 Bd6 7.Be2 O-O 8.O-O dxc4
9.Bxc4 Qe7 10.h3 a6 11.a4 c5 12.dxc5 Nxc5 13.e4 Qc7 14.Bg5 Ncd7 15.Qe2 Nh5
16.Ba2 Nf4 17.Qd2 Ng6 18.Rfd1 Bc5 19.Be3 Be7 20.Rac1 Qb8 21.Nd4 Kh8 22.Qc2 Nf6
23.Nde2 b5 24.f4 b4 25.Nb1 Bb7 26.Nd2 Rc8 27.Bc4 Bc6 28.b3 Qb7 29.Ng3 Bd8
30.f5 exf5 31.Nxf5 Nxe4 32.Nf3 Bb6 33.N3d4 Bd7 34.Re1 Re8 35.a5 Bxd4 36.Nxd4 Nd6
37.Bf1 Rac8 38.Qf2 Rxc1 39.Rxc1 Qd5 40.Bxa6 Qxa5 41.Bd3 f5 42.Nf3 Qd5 43.Bc2 Ne4
44.Bxe4 Rxe4 45.Qd2 Qxd2 46.Bxd2 h6 47.Re1 Nh4  1/2-1/2

[Event "Cansys"]
[Site "Budapest"]
[Date "1991.??.??"]
[Round "12"]
[White "Horvath, Jozsef"]
[Black "Mueller, Karsten"]
[Result "1/2-1/2"]
[WhiteElo "2540"]
[BlackElo "2425"]

1.c4 c6 2.d4 d5 3.Nf3 Nf6 4.Nc3 e6 5.e3 Nbd7 6.Qc2 Bd6 7.Be2 O-O 8.O-O e5
9.cxd5 cxd5 10.dxe5 Nxe5 11.Rd1 Be6 12.Bd2 Rc8 13.Be1  1/2-1/2

[Event "GEBA"]
[Site "Buenos Aires"]
[Date "1991.??.??"]
[Round "4"]
[White "Negri, Sergio"]
[Black "Garbarino, Rodolfo"]
[Result "1-0"]
[WhiteElo "2320"]
[BlackElo "2375"]

1.Nf3 d5 2.d4 Nf6 3.c4 e6 4.Nc3 c6 5.e3 Nbd7 6.Bd3 dxc4 7.Bxc4 b5 8.Bd3 a6
9.a4 b4 10.Ne4 c5 11.dxc5 Nxc5 12.Nxc5 Bxc5 13.e4 Bb7 14.Qe2 h6 15.O-O Qb6
16.a5 Qa7 17.Bf4 Rc8 18.h3 Qa8 19.Rfe1 O-O 20.Rad1 Rfd8 21.Nd2 Bd4 22.e5 Nd7
23.Qg4 f5 24.exf6 Nxf6 25.Qg6 Qa7 26.Rxe6 Bd5 27.Rxa6 Bxf2+ 28.Kf1 Bf7 29.Qf5 Qd4
30.Nf3 Qd5 31.Ke2 Qb3 32.Rd2 Rc1 33.Rxf6 gxf6 34.Bxh6 Rxd3 35.Qg4+ Kh7  1-0

[Event "Buenos Aires Najdorf"]
[Site "Buenos Aires"]
[Date "1991.??.??"]
[Round "9"]
[White "Cifuentes Parada, Roberto"]
[Black "Barbero, Gerardo F"]
[Result "1/2-1/2"]
[WhiteElo "2510"]
[BlackElo "2495"]

1.d4 Nf6 2.c4 c6 3.Nc3 d5 4.e3 e6 5.Nf3 Nbd7 6.Qc2 Bd6 7.Bd2 O-O 8.O-O-O c5
9.Kb1 a6 10.cxd5 exd5 11.Bc1 b5 12.dxc5 Nxc5 13.Nxd5 Nxd5 14.Rxd5 Bb7 15.Rd4 Qe7
16.Bd3 g6 17.Rd1 Rac8 18.Qe2 Ne6 19.Rxd6 Qxd6 20.Bxg6 hxg6 21.Rxd6 Be4+ 22.Qd3 Nc5
23.Qxe4 Nxe4 24.Rxa6 Rc7 25.a4 Nc5 26.Rb6 Nd3 27.Bd2 bxa4 28.Rd6 Nxf2 29.Rd4 Rb8
30.Rxa4 Nd3 31.Ra2 Nc5 32.Bc3 Ne4 33.Kc2 Nxc3 34.bxc3 Re7 35.Kd3 Rb1 36.Rc2 Rb3
37.Nd4 Ra3 38.Nb5 Ra1 39.c4 Re1 40.Re2 Rd7+ 41.Nd4 Rxe2 42.Kxe2 Rc7 43.Kd3 Kf8
44.e4 Ke7 45.e5 Rc5 46.h4 Kd7 47.Nf3 Ra5 48.Ke4 Ra2 49.g4 Rg2 50.g5 Rg4+
51.Kd5 Rf4 52.Nd4 Rxh4 53.e6+ fxe6+ 54.Nxe6 Rh1 55.Nf8+  1/2-1/2

[Event "Buenos Aires Konex"]
[Site "Buenos Aires"]
[Date "1991.??.??"]
[Round "9"]
[White "Tempone, Marcelo"]
[Black "Toth, Christian Endre"]
[Result "0-1"]
[WhiteElo "2460"]
[BlackElo "2305"]

1.d4 d5 2.Nf3 c6 3.c4 Nf6 4.e3 e6 5.Nc3 Nbd7 6.Qc2 Bd6 7.Bd2 O-O 8.O-O-O e5
9.cxd5 cxd5 10.Nb5 Bb8 11.dxe5 Nxe5 12.Bc3 Re8 13.Be2 a6 14.Nbd4 Ne4 15.Be1 Bd7
16.Qb3 Bc6 17.Kb1 Qd7 18.Qc2 Ng4 19.Bd3 Ngf6 20.h3 Bd6 21.g4 Rac8 22.Nxc6 Rxc6
23.Qe2 g6 24.Nd4 Rcc8 25.f3 Ng3 26.Bxg3 Bxg3 27.g5 Nh5 28.Nc2 Qe7 29.Qg2 Qxg5
30.h4 Qe7 31.f4 d4 32.exd4 Bxf4 33.Rhf1 b5 34.Bf5 Rc7 35.Bg4 Qxh4 36.Qf3 Bh2
37.d5 f5 38.d6 Rd7 39.Bxf5 gxf5 40.Qxf5 Red8 41.Rd4 Nf4 42.Rdxf4 Bxf4 43.Rxf4 Rxd6
44.b4 Qh6 45.a3 Qe6 46.Qg5+ Kh8 47.Rf3 Rd5 48.Qh4 Rd1+ 49.Kb2 Qe5+ 50.Ka2  0-1

[Event "BUL-ch"]
[Site "?"]
[Date "1991.??.??"]
[Round "5"]
[White "Chatalbashev, Boris"]
[Black "Nikolov, S."]
[Result "0-1"]
[WhiteElo "2385"]
[BlackElo "2395"]

1.d4 Nf6 2.c4 e6 3.Nf3 d5 4.Nc3 c6 5.e3 Nbd7 6.Bd3 Be7 7.O-O O-O 8.b3 b6
9.Bb2 Bb7 10.Rc1 Rc8 11.Qe2 c5 12.cxd5 Nxd5 13.Nxd5 Bxd5 14.Ba3 Rc7 15.Rfd1 Qa8
16.b4 Rfc8 17.e4 Bb7 18.bxc5 bxc5 19.Bb1 Nf6 20.dxc5 Bxe4 21.Bxe4 Nxe4 22.Nd4 Bxc5
23.Bxc5 Rxc5 24.Rxc5 Rxc5 25.Nb5 h5 26.Nxa7 Nc3 27.Qc2 Rg5 28.Nc6 Nxd1 29.Qxd1 Rc5
30.Nb4 Qa3 31.Qd8+ Kh7 32.Qd3+ Qxd3 33.Nxd3 Rc3 34.Ne1 Ra3  0-1

[Event "BUL-ch"]
[Site "?"]
[Date "1991.??.??"]
[Round "8"]
[White "Atanasov, Petko"]
[Black "Kurtenkov, Atanas"]
[Result "1/2-1/2"]
[WhiteElo "2370"]
[BlackElo "2365"]

1.d4 Nf6 2.c4 e6 3.Nf3 d5 4.Nc3 c6 5.e3 Bd6 6.Qc2 O-O 7.Bd2 Nbd7 8.O-O-O Qe7
9.e4 Nxe4 10.Nxe4 dxe4 11.Qxe4  1/2-1/2

[Event "Cacak-B"]
[Site "Cacak"]
[Date "1991.??.??"]
[Round "2"]
[White "Bodic, Dragan"]
[Black "Dolmatov, Sergey"]
[Result "0-1"]
[WhiteElo "2300"]
[BlackElo "2620"]

1.Nf3 d5 2.c4 c6 3.d4 Nf6 4.Nc3 e6 5.e3 Nbd7 6.Bd3 Be7 7.O-O O-O 8.e4 dxe4
9.Nxe4 b6 10.Qe2 Bb7 11.Rd1 Qc7 12.Bg5 Rfe8 13.Qc2 h6 14.Bxf6 Nxf6 15.c5 Nxe4
16.Bxe4 bxc5 17.dxc5 a5 18.a3 a4 19.Rd4 f5 20.Bd3 Qa5 21.Rd7 Bc8 22.Rd4 Bxc5
23.Rc4 Bf8 24.Rxc6 Bb7 25.Rc3 Be7 26.Bc4 Bf6 27.Re3 Be4 28.Bd3 Bd5 29.Rae1 Rec8
30.Qb1 Qb6 31.Ne5 Qd4 32.R1e2 Bg5 33.Rg3  0-1

[Event "Cacak-B"]
[Site "Cacak"]
[Date "1991.??.??"]
[Round "3"]
[White "Colovic, Dusan"]
[Black "Bodic, Dragan"]
[Result "0-1"]
[WhiteElo "2255"]
[BlackElo "2300"]

1.d4 d5 2.Nf3 Nf6 3.c4 c6 4.Nc3 e6 5.e3 Nbd7 6.Qc2 Bd6 7.Be2 O-O 8.O-O dxc4
9.Bxc4 e5 10.h3 Qe7 11.a3 b6 12.Rd1 Bb7 13.Ne4 Nxe4 14.Qxe4 Nf6 15.Qc2 e4
16.Nd2 Rae8 17.b4 b5 18.Bf1 Nd5 19.Nb3 h5 20.Bd2 h4 21.Be1 Bb8 22.Qe2 Qd6
23.g3 Qh6 24.Na5 Bc8 25.Nxc6 Qxc6 26.Qxb5 Qd6 27.Bc4 Nb6  0-1

[Event "Cacak-B"]
[Site "Cacak"]
[Date "1991.??.??"]
[Round "9"]
[White "Varga, Zoltan"]
[Black "Bodic, Dragan"]
[Result "1-0"]
[WhiteElo "2370"]
[BlackElo "2300"]

1.d4 d5 2.c4 c6 3.Nc3 Nf6 4.Nf3 e6 5.e3 Nbd7 6.Qc2 Bd6 7.Be2 O-O 8.O-O dxc4
9.Bxc4 e5 10.h3 Qe7 11.Bb3 b6 12.Rd1 Bb7 13.dxe5 Nxe5 14.Nd4 g6 15.f4 Ned7
16.e4 Bc5 17.e5 Nxe5 18.fxe5 Qxe5 19.Qf2 Rad8 20.Bf4 Qh5 21.Bc7 Rxd4 22.Rxd4 Ne8
23.Bf4 Kg7 24.Ne4  1-0

[Event "CAN-ch"]
[Site "CAN"]
[Date "1991.??.??"]
[Round "?"]
[White "Southam, Todd"]
[Black "O'Donnell, Tom"]
[Result "1/2-1/2"]
[WhiteElo "2305"]
[BlackElo "2375"]

1.d4 d5 2.c4 e6 3.Nc3 c6 4.Nf3 Nf6 5.e3 Nbd7 6.Qc2 Bd6 7.b3 O-O 8.Be2 e5
9.cxd5 Nxd5 10.Nxd5 cxd5 11.dxe5 Nxe5 12.O-O Nxf3+  1/2-1/2

[Event "Cappelle op"]
[Site "Cappelle la Grande"]
[Date "1991.??.??"]
[Round "?"]
[White "Sadler, Matthew"]
[Black "Kimpinsky, Frank"]
[Result "1-0"]
[WhiteElo "2440"]
[BlackElo "2285"]

1.d4 d5 2.c4 c6 3.Nf3 Nf6 4.Nc3 e6 5.e3 Nbd7 6.Bd3 dxc4 7.Bxc4 b5 8.Be2 b4
9.Na4 Be7 10.O-O Qa5 11.Qc2 c5 12.Bd2 Bb7 13.a3 cxd4 14.exd4 Be4 15.Qd1 Qf5
16.axb4 Bd6 17.Nc5 Bc2 18.Qc1 g5 19.Bxg5 Rg8 20.Bh4 Bf4 21.Qe1 Nb6 22.Bg3 Nbd5
23.Bb5+ Kf8 24.Bc6 Rc8 25.Bxd5 Nxd5 26.Rxa7 Bd3 27.Nxd3 Qxd3 28.Ne5 Qxd4
29.Rxf7+ Ke8 30.Nf3 Qb6 31.Rxh7 Bxg3 32.hxg3 Rxg3 33.Qe5 Rg8 34.Nd4 Rc4 35.Nxe6 Ne7
36.Re1 Qxb4 37.Nd4  1-0

[Event "Cappelle op"]
[Site "Cappelle la Grande"]
[Date "1991.??.??"]
[Round "7"]
[White "Finegold, Benjamin"]
[Black "Kimpinsky, Frank"]
[Result "0-1"]
[WhiteElo "2460"]
[BlackElo "2285"]

1.d4 d5 2.c4 c6 3.Nc3 Nf6 4.e3 e6 5.Nf3 Nbd7 6.Be2 dxc4 7.a4 Bb4 8.O-O O-O
9.Bxc4 a5 10.Qe2 Re8 11.Rd1 Qc7 12.e4 e5 13.d5 Nb6 14.Bb3 cxd5 15.exd5 e4
16.d6 Bxd6 17.Nb5 exf3 18.Qxe8+ Nxe8 19.Nxc7 Bxc7 20.Be3 Be6 21.Bxe6 fxe6
22.Bxb6 Bxb6 23.Rd7 Rb8 24.gxf3 Bc5 25.Re1 Nf6 26.Rc7 Bd6 27.Rc4 Kf7 28.f4 g6
29.Kg2 Ke7 30.Re3 Nd5 31.Ree4 Rf8  0-1

[Event "Cetinje (Women)"]
[Site "Cetinje"]
[Date "1991.??.??"]
[Round "9"]
[White "Maric, Alisa"]
[Black "Misanovic, Vesna"]
[Result "0-1"]
[WhiteElo "2425"]
[BlackElo "2305"]

1.d4 d5 2.c4 e6 3.Nc3 c6 4.Nf3 Nf6 5.e3 Nbd7 6.Qc2 Bd6 7.Be2 Qe7 8.O-O O-O
9.Bd2 Re8 10.Rac1 h6 11.Rfe1 dxc4 12.Bxc4 e5 13.dxe5 Nxe5 14.Nxe5 Qxe5 15.f4 Qh5
16.Be2 Bg4 17.Bxg4 Qxg4 18.h3 Qh4 19.Rcd1 Rad8 20.Qb3 Bc5 21.Kf1 Rxd2 22.Rxd2 Bxe3
23.Rxe3 Rxe3 24.Rd8+ Kh7 25.Qd1 Qxf4+ 26.Kg1 Ne4 27.Qf1 Qxf1+ 28.Kxf1 Nxc3
29.bxc3 Rxc3 30.Rd7 Rc1+ 31.Kf2 Rc2+ 32.Kf3 Rb2 33.Rxf7 a5 34.Rc7 b5 35.Rxc6 Rxa2
36.Rb6 Rb2 37.g3 a4 38.Ra6 Rb3+ 39.Kf4 a3 40.h4 b4 41.g4 Rb2 42.g5 hxg5+
43.hxg5 a2 44.g6+ Kh6  0-1

[Event "Cheliabinsk-B"]
[Site "Cheliabinsk"]
[Date "1991.??.??"]
[Round "?"]
[White "Ivanov, Sergey"]
[Black "Czerwonski, Aleksander"]
[Result "1-0"]
[WhiteElo "2440"]
[BlackElo "2350"]

1.d4 d5 2.c4 c6 3.Nc3 e6 4.e3 Nf6 5.Nf3 Nbd7 6.Bd3 dxc4 7.Bxc4 b5 8.Be2 Bb7
9.O-O b4 10.Na4 c5 11.dxc5 Bxc5 12.Nxc5 Nxc5 13.Bd2 Qb6 14.a3 bxa3 15.b4 Ncd7
16.Rxa3 O-O 17.Bc3 Bd5 18.Qa1 Rfc8 19.Ba6 Rc7 20.Ne5 Ne8 21.Rd1 Nxe5 22.Bxe5 Rc2
23.Bd3 Rcc8 24.Qb1 h6 25.Bd4 Qc6 26.f3 Qc7 27.Qa1 Qb7 28.Ba6 Qxb4 29.Bxc8 Rxc8
30.Rxa7 Rc2 31.Qa4 Qxa4 32.Rxa4 Nd6 33.e4 Bc6 34.Rb4 Nb5 35.Bb2 Nc3 36.Bxc3 Rxc3
37.Rbb1 Kh7 38.Rbc1 Rxc1 39.Rxc1 Ba4 40.Rc4 Bb5 41.Rb4 Bc6 42.e5 h5 43.Kf2 Kg6
44.Ke3 Bd5 45.h4 Kf5 46.Rf4+ Kg6 47.Kd4 f5 48.Kc5 Kf7 49.Rxf5+  1-0

[Event "Cheliabinsk"]
[Site "Cheliabinsk"]
[Date "1991.??.??"]
[Round "?"]
[White "Gleizerov, Evgeny"]
[Black "Ulibin, Mikhail"]
[Result "1/2-1/2"]
[WhiteElo "2485"]
[BlackElo "2465"]

1.d4 Nf6 2.c4 e6 3.Nf3 d5 4.Nc3 c6 5.e3 Nbd7 6.Bd3 dxc4 7.Bxc4 b5 8.Bd3 a6
9.e4 c5 10.d5 c4 11.dxe6 fxe6 12.Bc2 Qc7 13.O-O Bc5 14.e5 Nxe5 15.Bf4 Bd6
16.Bxe5 Bxe5 17.Nxe5 Qxe5 18.Re1 Qc7 19.Nd5 Nxd5 20.Qxd5 Ra7 21.Rxe6+ Bxe6
22.Qxe6+ Qe7 23.Qc6+ Kf8 24.Qc8+ Qe8 25.Qc5+  1/2-1/2

[Event "Cheliabinsk-B"]
[Site "Cheliabinsk"]
[Date "1991.??.??"]
[Round "?"]
[White "Yuneev, Alexey"]
[Black "Bashkov, Viacheslav"]
[Result "1/2-1/2"]
[WhiteElo "2400"]
[BlackElo "2470"]

1.d4 d5 2.c4 e6 3.Nc3 c6 4.e3 Nf6 5.Nf3 Nbd7 6.Bd3 dxc4 7.Bxc4 b5 8.Be2 Bb7
9.O-O Be7 10.a3 a5 11.Qc2 O-O 12.Rd1 Qb8 13.e4 b4 14.Na4 c5 15.e5 Be4 16.Bd3 Bxd3
17.Qxd3  1/2-1/2

[Event "Cheliabinsk-A"]
[Site "Cheliabinsk"]
[Date "1991.??.??"]
[Round "?"]
[White "Atalik, Suat"]
[Black "Kantorik, Marian"]
[Result "1-0"]
[WhiteElo "2435"]
[BlackElo "2375"]

1.d4 Nf6 2.Nf3 d5 3.c4 e6 4.Nc3 c6 5.e3 Nbd7 6.Qc2 dxc4 7.Bxc4 b5 8.Bd3 Bb7
9.O-O a6 10.a4 Rc8 11.axb5 cxb5 12.Qe2 Be7 13.e4 O-O 14.e5 Ne8 15.Ne4 Nb6
16.h4 Nd5 17.Neg5 g6 18.Be4 Ng7 19.Bd2 Qd7 20.g3 Rc4 21.Bd3 Rc6 22.Ne4 Nf5
23.g4 Ng7 24.h5 Rfc8 25.hxg6 fxg6 26.g5 Nh5 27.Bb1 Rc2 28.Bxc2 Rxc2 29.Qd1 Nb4
30.Bxb4 Bxe4 31.Bxe7 Qxe7 32.Re1 Bxf3 33.Qxf3 Qxg5+ 34.Kf1 Rc7 35.Qg2 Qd2
36.Rxa6 Rf7 37.Rxe6 Nf4 38.Qa8+ Kg7 39.Rf6 Qd3+ 40.Kg1 Rxf6 41.exf6+ Kxf6
42.Qf8+ Kg5 43.Re5+ Kg4 44.Qc8+  1-0

[Event "ITA-ch"]
[Site "Chianciano Terme"]
[Date "1991.??.??"]
[Round "?"]
[White "Passerotti, Pierluigi"]
[Black "Vaccani, Alberto"]
[Result "1-0"]
[WhiteElo "2330"]
[BlackElo "2275"]

1.d4 d5 2.c4 c6 3.Nc3 Nf6 4.e3 e6 5.Nf3 Nbd7 6.Bd3 Bd6 7.O-O O-O 8.e4 dxe4
9.Nxe4 Nxe4 10.Bxe4 h6 11.Bc2 b6 12.Qd3 Nf6 13.b3 Qc7 14.Bb2 Rd8 15.Rad1 Ba6
16.Rfe1 Bb4 17.Re2 b5 18.a3 bxc4 19.bxc4 Bd6 20.d5 cxd5 21.Bxf6 gxf6 22.Qh7+ Kf8
23.Nd4 Rac8 24.Rxe6  1-0

[Event "Capablanca mem-C"]
[Site "Cienfuegos"]
[Date "1991.??.??"]
[Round "4"]
[White "Rivera, Alberto"]
[Black "Lugo, Blas"]
[Result "*"]
[WhiteElo "2335"]
[BlackElo "2335"]

1.d4 d5 2.Nf3 Nf6 3.c4 c6 4.Nc3 e6 5.e3 Nbd7 6.b3 Bd6 7.Be2 O-O 8.O-O Ne4
9.Bb2 f5 10.Qc2 Qf6 11.a4 Rf7 12.Ba3 Bc7 13.cxd5 Nxc3 14.Qxc3 exd5 15.Ne1 Qh6
16.f4 Nf6 17.Nf3 Ne4 18.Qc2 Be6 19.Bd3 Re8 20.Bxe4 fxe4 21.Ng5 Rf5 22.Nxe6 Rxe6
23.g4 Rg6 24.Qg2 Rh5 25.gxh5 Rxg2+ 26.Kxg2 Qxh5 27.Rf2 Bd8 28.Kh1 Bh4 29.Rg2 Qf3
30.Rg1 b6 31.b4 Be7 32.Re1 Bd6 33.Kg1 Bxf4  *

[Event "Capablanca mem (Women)"]
[Site "Cienfuegos"]
[Date "1991.??.??"]
[Round "6"]
[White "Amura, Claudia Noemi"]
[Black "Shumiakina, Tatiana"]
[Result "1/2-1/2"]
[WhiteElo "2405"]
[BlackElo "2290"]

1.d4 d5 2.c4 c6 3.Nc3 e6 4.Nf3 Nf6 5.e3 Nbd7 6.Qc2 Bd6 7.Bd2 O-O 8.O-O-O Qe7
9.e4 Nxe4 10.Nxe4 dxe4 11.Qxe4 f5 12.Qc2 c5 13.Bd3 cxd4 14.Nxd4 Nc5 15.Nb5 Bb8
16.Rhe1 e5 17.Bf1 Be6 18.f3 f4 19.Bb4 Rc8 20.Qd2 a5 21.Ba3 Ra6 22.Kb1 Qe8
23.Ka1 Kh8 24.g3 fxg3 25.hxg3 e4 26.f4 Bg4 27.Be2 Bxe2 28.Qxe2 Re6 29.Rd5 b6
30.Qe3 Nd7 31.Rd4 Nf6 32.Red1 h6 33.Bd6 Qc6 34.f5 Ree8 35.a3 Kh7 36.Bxb8 Rxb8
37.Nd6 Re7 38.g4 Kg8 39.g5 hxg5 40.Qxg5 e3 41.Nb5 e2 42.Re1 Qc5 43.Qf4 Rbe8
44.Nc3 Re5 45.Qd2 Rxf5 46.Rxe2 Rxe2 47.Nxe2 Re5  1/2-1/2

[Event "Capablanca mem (Women)"]
[Site "Cienfuegos"]
[Date "1991.??.??"]
[Round "10"]
[White "Leon, Eumelia"]
[Black "Shumiakina, Tatiana"]
[Result "1/2-1/2"]
[WhiteElo "2055"]
[BlackElo "2290"]

1.d4 d5 2.c4 e6 3.Nc3 c6 4.Nf3 Nf6 5.e3 Nbd7 6.Qc2 Bd6 7.Bd2 O-O 8.O-O-O Qe7
9.e4 Nxe4 10.Nxe4 dxe4 11.Qxe4 f5 12.Qc2 c5 13.Bc3 cxd4 14.Nxd4 a6 15.Bd3 Ne5
16.Rhe1 Qc7 17.b4 Nxd3+ 18.Qxd3 Bf4+ 19.Kb2 Bg5 20.Nxe6 Bxe6 21.Rxe6 Rad8
22.Rd6 Rxd6 23.Qxd6 Qxc4 24.Qd5+ Qxd5 25.Rxd5 g6 26.Kc2 Rf7 27.a4 Re7 28.Kd3 Kf7
29.f3 Rc7  1/2-1/2

[Event "Politicen Cup"]
[Site "Copenhagen"]
[Date "1991.??.??"]
[Round "?"]
[White "Fries Nielsen, Jens Ove"]
[Black "Barbero, Gerardo F"]
[Result "1-0"]
[WhiteElo "2415"]
[BlackElo "2495"]

1.d4 Nf6 2.c4 c6 3.Nc3 d5 4.Nf3 e6 5.e3 Nbd7 6.a3 g6 7.Bd3 Bg7 8.O-O O-O
9.b3 b6 10.a4 Re8 11.Ba3 e5 12.cxd5 cxd5 13.dxe5 Nxe5 14.Nxe5 Rxe5 15.Bb2 Re8
16.Bb5 Re6 17.Ne2 a6 18.Bd3 Bb7 19.Nf4 Re8 20.Rc1 Qd6 21.Bd4 Bh6 22.Qd2 Ne4
23.Qb2 f5 24.b4 Rad8 25.Rc2 Rd7 26.Rfc1 Bg7 27.Bxg7 Rxg7 28.Qd4 Rf7 29.a5 bxa5
30.bxa5 g5 31.Nh5 Qg6 32.Ng3 h5 33.Rc7 h4 34.Ne2 Nd6 35.Qb6 Re6 36.Rxf7 Qxf7
37.Nd4 Rf6 38.Rc7 Qf8 39.Rxb7 Nxb7 40.Qxb7 Qc5 41.Qb8+ Rf8 42.Qe5  1-0